Epoxidised natural rubber as a processability modifier in natural rubber-silica composites (Record no. 50979)

MARC details
000 -LEADER
fixed length control field 00460nam a2200133Ia 4500
100 ## - MAIN ENTRY--AUTHOR NAME
Personal name Varkey J K
245 #0 - TITLE STATEMENT
Title Epoxidised natural rubber as a processability modifier in natural rubber-silica composites
260 ## - PUBLICATION, DISTRIBUTION, ETC. (IMPRINT)
Name of publisher Proceedings of the Asia Rub Tech Expo, 23-25 November 2006, Indian Rubber Institute, Kochi. pp.101-102.
700 ## - ADDED ENTRY--PERSONAL NAME
Personal name Mathew N M
700 ## - ADDED ENTRY--PERSONAL NAME
Personal name Nair N R
700 ## - ADDED ENTRY--PERSONAL NAME
Personal name Thomas K T
942 ## - ADDED ENTRY ELEMENTS (KOHA)
Koha item type Bibliography STAF
Holdings
Withdrawn status Lost status Damaged status Not for loan Home library Current library Shelving location Date acquired Koha item type
      Bibliography RRII Library RRII Library Rubber chemistry 20/12/2006 Bibliography STAF